[Event "Olympiad Women 2024"]
[Site "Budapest HUN"]
[Date "2024.09.21"]
[Round "10.7"]
[Board "4"]
[White "Mungunzul, Bat-Erdene"]
[Black "Balajayeva, Khanim"]
[Result "1-0"]
[WhiteElo "2224"]
[BlackElo "2384"]
[PlyCount "129"]
[EventDate "2024.09.11"]
[WhiteTeam "Mongolia"]
[BlackTeam "Azerbaijan"]
[WhiteTeamCountry "MGL"]
[BlackTeamCountry "AZE"]

1. d4 Nf6 2. c4 e6 3. Nf3 d5 4. Nc3 Be7 5. Bg5 h6 6. Bh4 dxc4 7. e3 c5 8. Bxc4 cxd4 9. exd4 O-O 10. O-O Nc6 11. a3 Nh5 12. Bxe7 Nxe7 13. Re1 ({RR} 13. Ne5 Nf6 14. Qd3 a6 15. Rad1 b5 16. Ba2 Bb7 17. Rfe1 Ned5 18. Nxd5 Bxd5 19. Bb1 Ra7 20. Re3 Rc7 21. Ng4 Re8 22. Rg3 Kf8 23. Ne5 Be4 24. Qd2 Bxb1 25. Rxb1 Qd5 26. Qb4+ Kg8 27. Rc3 Rec8 {½-½ Assaubayeva,B (2472)-Mammadova,G (2351) Swiss Queens Wed #1 2024 (1.193)}) 13... Nf6 14. Qd3 b6 $146 ({RR} 14... a6 15. Ne5 b5 16. Ba2 Bb7 17. Rac1 Ned5 18. Nxd5 Bxd5 19. Bxd5 Qxd5 20. Rc5 Qd6 21. Rec1 Nd7 22. Nxd7 Qxd7 23. Rc7 Rac8 24. Rxc8 Rxc8 25. Rxc8+ Qxc8 26. Qd2 f5 27. h4 Kf7 28. g3 Qc6 29. Qe3 {½-½ Cramling,P (2447)-Vantika,A (2322) FIDE Grand Swiss (Women) 2021 (8)}) 15. Ne5 Bb7 16. Bb3 Ned5 17. Nxd5 Bxd5 18. Bc2 Re8 19. Rad1 Rc8 20. f4 Qc7 21. Rd2 Qb7 22. f5 Be4 23. Rxe4 Rxc2 24. Rxc2 Nxe4 25. fxe6 Rxe6 26. Qc4 Nd6 27. Qc6 Qe7 28. h3 g6 29. Qc7 Qxc7 30. Rxc7 Nb5 31. Rd7 Rd6 32. Rxf7 Rxd4 33. Rf6 Rd1+ 34. Kh2 Rd2 35. Nc4 Rc2 36. Rxg6+ Kh7 37. Rg4 Nc7 38. b3 Ne6 39. Nd6 h5 40. Re4 Nc5 41. Re3 a6 42. b4 Na4 43. Kg3 Rd2 44. Ne4 Rd4 45. Kf4 Nb2 46. Kf5 Nc4 47. Ng5+ Kg7 48. Re7+ Kf8 49. Rc7 Ne3+ 50. Ke5 Rd3 51. Ke6 Nd5 52. Rc8+ Kg7 53. Ke5 Ne7 54. Ne6+ Kg6 55. Nf4+ Kg5 56. Nxd3 Nxc8 57. a4 Kh4 58. Nf4 Kg3 59. Nxh5+ Kxg2 60. Ke6 Kf3 61. Nf6 Na7 62. Kd6 Ke3 63. h4 a5 64. b5 Kd4 65. h5 1-0

[Event "Olympiad Women 2024"]
[Site "Budapest HUN"]
[Date "2024.09.21"]
[Round "10.8"]
[Board "1"]
[White "Stefanova, Antoaneta"]
[Black "Efroimski, Marsel"]
[Result "1-0"]
[WhiteElo "2416"]
[BlackElo "2408"]
[PlyCount "73"]
[EventDate "2024.09.11"]
[WhiteTeam "Bulgaria"]
[BlackTeam "Israel"]
[WhiteTeamCountry "BUL"]
[BlackTeamCountry "ISR"]

1. Nf3 d5 2. g3 Nf6 3. Bg2 e6 4. O-O Be7 5. c4 O-O 6. d4 dxc4 7. Qc2 a6 8. a4 Bd7 9. Qxc4 Bc6 10. Bg5 Bd5 11. Qc2 Be4 12. Qc1 Nc6 13. e3 ({RR} 13. Rd1 Bxf3 14. Bxf3 Nxd4 15. Kg2 c5 16. e3 Nb3 17. Rxd8 Nxc1 18. Rxa8 Rxa8 19. Bxb7 Ra7 20. Bf3 h6 21. Nd2 Nd3 22. Bxf6 Bxf6 23. Be2 Nxb2 24. Ra2 c4 25. Nxc4 Nxc4 26. Bxc4 a5 27. Rd2 Rc7 {½-½ Carlsen,M (2864)-Firouzja,A (2793) Zagreb SuperUnited Rapid 2022 (4)}) ({RR} 13. Rd1 Nd5 14. Bxe7 Qxe7 15. Ne5 Bxg2 16. Nxc6 bxc6 17. Kxg2 Rab8 18. Nd2 Qb4 19. Nc4 Rfd8 20. Kg1 Ne7 21. Qc2 h6 {½-½ Stefanova,A (2478)-Speelman,J (2578) Gibraltar Masters 2004 (5)}) 13... Nb4 ({RR} 13... h6 14. Bxf6 Bxf6 15. Nc3 Bg6 16. Rd1 Nb4 17. Rd2 c6 18. a5 Nd5 19. Qd1 Qc7 20. Ne1 Nxc3 21. bxc3 c5 22. Nd3 Bxd3 23. Rxd3 Rab8 24. Rd2 b5 25. axb6 Rxb6 26. Rda2 g6 27. Rxa6 cxd4 28. cxd4 {1-0 Bracker,F (2306)-Stock,J (2113) 34th Staufer-Open 2024 (1.21)}) 14. Nc3 Bc6 15. Rd1 Nfd5 $146 ({RR} 15... Rc8 16. Bxf6 Bxf6 17. e4 a5 18. Qf4 Bd7 19. h4 Qe8 20. Ne5 Bxe5 21. Qxe5 b6 22. Rd2 Nc6 23. Qg5 e5 24. dxe5 Nxe5 25. b3 f6 26. Qe3 Be6 27. Nd5 Nd7 28. Rc1 Bxd5 29. Rxd5 Nc5 30. Rdxc5 {1-0 Bryakin,M (2441)-Mamatov,M (2290) Novi Sad TS GM Mix 251 st 2022 (2)}) ({RR} 15... Nbd5 16. Qc2 Nb4 17. Qe2 h6 18. Bxf6 Bxf6 19. e4 a5 20. Rac1 Qd7 21. b3 Rfd8 22. h4 Rac8 23. Bh3 Qe8 24. h5 Bd7 25. Qe3 c5 26. dxc5 Be7 27. Ne2 Na6 28. Ne5 Bxc5 29. Qf3 Qe7 30. Nf4 {1-0 Vantika,A (2286)-Sahajasri,C (2235) Speed Chess (Women) Q4 blitz 2020 (9)}) ({RR} 15... a5 16. Qd2 Ne4 17. Nxe4 Bxe4 18. Bxe7 Qxe7 19. Ne5 Bxg2 20. Kxg2 Rfd8 21. Rac1 c6 22. Qe2 Nd5 23. Qc4 Nb4 24. Qb3 Rd5 25. Nd3 Nxd3 26. Rxd3 Rad8 27. Qa3 Qd7 28. Rc5 e5 29. Qc3 exd4 30. Rxd4 {½-½ Neuman,P (2449)-Pulpan,J (2401) CZE-chT1W 1718 2017 (1.3)}) 16. e4 Nf6 17. Ne5 a5 18. Nxc6 bxc6 19. Bxf6 Bxf6 20. Ne2 Ra6 21. h4 Qb8 22. e5 Be7 23. Nf4 Rd8 24. Qc4 Bf8 25. h5 Rb6 26. h6 Nd5 27. hxg7 Bxg7 28. Nh5 Rxb2 29. Qxc6 Qb6 30. Bxd5 exd5 31. Rac1 Qxc6 32. Rxc6 Rb4 33. Rxc7 Rxa4 34. e6 Rxd4 35. Re1 Re4 36. Rxe4 dxe4 37. Rd7 1-0

[Event "Olympiad Women 2024"]
[Site "Budapest HUN"]
[Date "2024.09.21"]
[Round "10.8"]
[Board "2"]
[White "Klinova, Masha"]
[Black "Salimova, Nurgyul"]
[Result "1/2-1/2"]
[WhiteElo "2227"]
[BlackElo "2412"]
[PlyCount "140"]
[EventDate "2024.09.11"]
[WhiteTeam "Israel"]
[BlackTeam "Bulgaria"]
[WhiteTeamCountry "ISR"]
[BlackTeamCountry "BUL"]

1. e4 e5 2. Nf3 Nc6 3. Bc4 Nf6 4. d3 h6 5. a4 Bc5 6. O-O d6 7. c3 a5 8. Be3 Bxe3 9. fxe3 O-O 10. Nbd2 Ne7 $146 ({RR} 10... Be6 11. Bxe6 fxe6 12. Qb3 Qd7 13. h3 b6 14. Rf2 Ne7 15. Raf1 Ng6 16. g4 Qe7 17. g5 Nd7 18. Rg2 hxg5 19. Nxg5 Rxf1+ 20. Nxf1 Ngf8 21. Nh2 Nf6 22. Nhf3 N6h7 23. h4 Re8 24. Qd1 Qf6 25. Nh2 {½-½ Demchenko,A (2623)-Motylev,A (2604) 1st Munich Pfingst-Open A 2023 (6.2)}) 11. Qe1 c6 12. Ba2 Ng6 13. Nh4 Kh7 14. Nf5 d5 15. exd5 Nxd5 16. Qg3 Be6 17. d4 Qb8 18. Bb1 exd4 19. Qxb8 Raxb8 20. exd4 Kg8 21. Ng3 Nge7 22. Bd3 Rfd8 23. Nc4 b6 24. Ne4 g5 25. Rfe1 Kg7 26. Ne5 Nf4 27. Bf1 Nfg6 28. Nxg6 Nxg6 29. g3 Bd5 30. Bg2 c5 31. dxc5 bxc5 32. Re2 Bxe4 33. Bxe4 Ne5 34. Rf1 f6 35. h3 Rd6 36. Bf5 c4 37. Kg2 Rbd8 38. g4 Rh8 39. Rb1 Rb8 40. Rf1 Rbd8 41. Rb1 Rb6 42. Rf1 Rd5 43. Be4 Rdd6 44. Bf5 Kf7 45. Kg3 Rd8 46. Kg2 Rbd6 47. Kf2 Rh8 48. Kg2 Ke7 49. Rb1 Rb8 50. Rf1 Rbd8 51. Kf2 Rh8 52. Kg2 h5 53. gxh5 Rxh5 54. Rb1 Rh4 55. b4 cxb3 56. Rxb3 Rf4 57. Rb7+ Kd8 58. Bc2 Rc4 59. Ra7 Rxc3 60. Rxa5 Rd4 61. Bf5 Rcc4 62. Ra8+ Kc7 63. Rc8+ Kd6 64. Rxc4 Rxc4 65. Ra2 Rf4 66. Bc8 Kc7 67. Be6 Kd6 68. Bc8 Rc4 69. Bf5 Rf4 70. Bc8 Rc4 1/2-1/2

[Event "Olympiad Women 2024"]
[Site "Budapest HUN"]
[Date "2024.09.21"]
[Round "10.8"]
[Board "3"]
[White "Radeva, Viktoria"]
[Black "Orian, Noga"]
[Result "1-0"]
[WhiteElo "2297"]
[BlackElo "2187"]
[PlyCount "119"]
[EventDate "2024.09.11"]
[WhiteTeam "Bulgaria"]
[BlackTeam "Israel"]
[WhiteTeamCountry "BUL"]
[BlackTeamCountry "ISR"]

1. e4 c5 2. Nc3 e6 3. Nf3 Nc6 4. d4 cxd4 5. Nxd4 Qc7 6. Be3 a6 7. a3 b5 8. Nxc6 Qxc6 9. h4 Nf6 10. h5 Nxe4 11. Nxe4 Qxe4 12. Be2 Rb8 13. Qd2 ({RR} 13. h6 gxh6 14. Bf3 Qe5 15. Rh5 f5 16. Qd4 Qxd4 17. Bxd4 Rg8 18. Ba7 Bb7 19. Bxb8 Bxf3 20. Rh3 Bxg2 21. Rg3 Rg6 22. Ke2 Bd5 23. f3 Bg7 24. c3 e5 25. Kf2 Kf7 26. Re1 Ke6 27. Reg1 Kf7 {0-1 Grover,S (2519)-Uskov,A (2420) SixDays Budapest GM March 2024 (6.4)}) 13... Bb7 $146 ({RR} 13... b4 14. axb4 Qxg2 15. O-O-O Rxb4 16. h6 Qb7 17. Bd4 Rg8 18. hxg7 Bxg7 19. Bxg7 Rxg7 20. Qc3 Rg5 21. Rxh7 Rg8 22. Qf6 Rf8 23. Bh5 d5 24. Bxf7+ Qxf7 25. Rxf7 Rxf7 26. Qh8+ Rf8 27. Qh5+ Ke7 28. Qe5 {1-0 Kulaots,K (2513)-Santos Latasa,J (2668) 3rd elllobregat Open 2022 (9.9)}) ({RR} 13... h6 14. Bf3 Qe5 15. O-O Qc7 16. a4 Be7 17. axb5 Rxb5 18. c4 Rb3 19. c5 Qb8 20. Bd4 Bf6 21. Bd1 Rb4 22. Bxf6 gxf6 23. Qc3 Qf4 24. Bf3 Rc4 25. Qa3 Rg8 26. Rfd1 Rg5 27. b4 Qb8 28. Rab1 {0-1 Brodsky,D (2497)-Wang,J (2431) US Chess Masters 2023 (4.2)}) 14. Bf3 Qc4 15. O-O-O d5 16. Kb1 Be7 17. Bd4 Rg8 18. Rhe1 Rc8 19. Be2 Qc7 20. f4 Bh4 21. Rf1 Bf6 22. Bxf6 gxf6 23. Bf3 f5 24. Qe2 Kf8 25. Rd4 Qd6 26. g4 fxg4 27. Bxg4 f5 28. Bf3 Kf7 29. Re1 Bc6 30. Qe3 a5 31. h6 Rb8 32. Qf2 Bd7 33. Qh4 Qe7 34. Qh5+ Rg6 35. Rxd5 b4 36. Rxf5+ exf5 37. Bd5+ Kf8 38. Rxe7 Kxe7 39. Qe2+ Kd8 40. Qe5 Rbb6 41. a4 Rxh6 42. Bb3 Rhf6 43. Qxa5 h5 44. Qa8+ Kc7 45. Bd5 Ra6 46. Qb7+ Kd8 47. Qb8+ Ke7 48. Qxb4+ Rfd6 49. a5 Kf6 50. Bb7 Rd1+ 51. Ka2 Be6+ 52. b3 Rad6 53. a6 R6d4 54. Qc3 Kg6 55. Kb2 Rd8 56. a7 Bd5 57. Bxd5 R1xd5 58. Qc6+ R5d6 59. a8=Q Rxc6 60. Qxc6+ 1-0

[Event "Olympiad Women 2024"]
[Site "Budapest HUN"]
[Date "2024.09.21"]
[Round "10.8"]
[Board "4"]
[White "Kochavi, Dana"]
[Black "Peycheva, Gergana"]
[Result "1-0"]
[WhiteElo "2009"]
[BlackElo "2248"]
[PlyCount "103"]
[EventDate "2024.09.11"]
[WhiteTeam "Israel"]
[BlackTeam "Bulgaria"]
[WhiteTeamCountry "ISR"]
[BlackTeamCountry "BUL"]

1. e4 c6 2. Nf3 d5 3. Nc3 dxe4 4. Nxe4 Nf6 5. Qe2 Na6 6. d4 Nxe4 7. Qxe4 Qd5 8. Qxd5 ({RR} 8. Qe2 Bg4 9. c3 e6 10. h3 Bxf3 11. gxf3 Nc7 12. Bg2 Bd6 13. O-O O-O 14. Rd1 Qh5 15. c4 Ne8 16. b4 Nf6 17. Rb1 b5 18. d5 exd5 19. cxb5 Rfe8 20. Qd3 cxb5 21. Bb2 Be5 22. Qxb5 Rad8 {0-1 Kochavi,D (1929)-Han,Y (2405) 23rd ch-EUR Indiv 2023 (1.203)}) 8... cxd5 9. c3 Nb8 10. Bd3 f6 $146 ({RR} 10... Nc6 11. h3 e6 12. Bf4 Be7 13. Ne5 Nxe5 14. Bxe5 f6 15. Bh2 Kf7 16. Kd2 Bd7 17. a4 a5 18. Rhe1 Rhc8 19. Re2 g6 20. Kc2 b6 21. Kb3 Bd8 22. Bb5 Bxb5 23. axb5 Bc7 24. Bxc7 Rxc7 25. Rae1 {1-0 Dehtiarov,R (2319)-Pavlov,N (2316) Titled Tue 2nd Apr Early 2024 (2)}) ({RR} 10... Nc6 11. Bf4 Bg4 12. Nd2 e6 13. f3 Bh5 14. Kf2 Bg6 15. Be2 Kd7 16. b4 Bd6 17. Bxd6 Kxd6 18. Nb3 b6 19. Rhc1 Rhc8 20. b5 Na5 21. Nxa5 bxa5 22. a4 Rc7 23. Ke3 Rac8 24. Kd2 f6 25. f4 {0-1 Rustamov,R (2261)-Kleibel,U (2302) Titled Tue 16th Apr Early 2024 (2)}) 11. h4 Nc6 12. Bf4 Kf7 13. O-O g6 14. Rfe1 Bd7 15. Bg3 e6 16. a4 Bh6 17. a5 a6 18. Re2 Rhe8 19. Bd6 Bf8 20. Bxf8 Kxf8 21. Nd2 e5 22. dxe5 fxe5 23. f3 Bf5 24. Re3 Rad8 25. Nb3 d4 26. cxd4 Nxd4 27. Nc5 Rd5 28. b4 Nc6 29. Be4 Bxe4 30. Rxe4 Re7 31. Rc1 Rd4 32. Nxa6 Rxe4 33. fxe4 Nd4 34. Rf1+ Kg7 35. Nc5 Kh6 36. Rf6 Kh5 37. Rb6 Rf7 38. Rxb7 Ne2+ 39. Kh2 Rf1 40. Rxh7+ Kg4 41. Rh6 g5 42. Nd7 gxh4 43. Nxe5+ Kg5 44. Rg6+ Kh5 45. Rg8 Ng3 46. Rh8+ Kg5 47. Nf3+ Kg6 48. Rxh4 Ne2 49. Rg4+ Kh5 50. Rg5+ Kh6 51. Rf5 Nc3 52. e5 1-0

[Event "Olympiad Women 2024"]
[Site "Budapest HUN"]
[Date "2024.09.21"]
[Round "10.9"]
[Board "1"]
[White "Daulyte-Cornette, Deimante"]
[Black "Borosova, Zuzana"]
[Result "1-0"]
[WhiteElo "2369"]
[BlackElo "2205"]
[PlyCount "139"]
[EventDate "2024.09.11"]
[WhiteTeam "France"]
[BlackTeam "Slovakia"]
[WhiteTeamCountry "FRA"]
[BlackTeamCountry "SVK"]

1. e4 c6 2. d4 d5 3. e5 Bf5 4. h4 h5 5. Bd3 Bxd3 6. Qxd3 Qa5+ 7. b4 Qa6 8. Qb3 e6 9. Nf3 ({RR} 9. a4 Nh6 10. Nf3 Nf5 11. Bd2 Nd7 12. Nc3 Qb6 13. Ne2 Be7 14. Rb1 Qd8 15. Qd3 Nb6 16. a5 Nc4 17. Bg5 b6 18. Ng3 g6 19. Nxf5 gxf5 20. O-O Kd7 21. axb6 axb6 22. Ra1 Rg8 23. g3 b5 {1-0 Firouzja,A (2760)-Erigaisi,A (2748) Titled Tue 26th Mar Late 2024 (11)}) 9... Qc4 $146 ({RR} 9... Nh6 10. Nc3 Nf5 11. Ne2 Nd7 12. a4 Be7 13. Bg5 b6 14. Ng3 Nxg3 15. fxg3 f6 16. exf6 gxf6 17. Bf4 e5 18. dxe5 fxe5 19. Nxe5 Nxe5 20. Bxe5 Rf8 21. b5 Qb7 22. O-O-O O-O-O 23. bxc6 Qxc6 24. Rd3 {1-0 Bogdanov,E (2426)-Karthik,R (2286) Budapest FS04 IM 2022 (1)}) ({RR} 9... Nd7 10. Bg5 Ne7 11. Nbd2 f6 12. exf6 gxf6 13. Bf4 Ng6 14. Bg3 Nb6 15. a4 Bh6 16. Ra2 Kf7 17. b5 Qa5 18. Ke2 Rhc8 19. Rd1 a6 20. bxa6 Qxa6+ 21. Ke1 Nxa4 22. Rda1 b5 23. Qd3 Qb7 24. Nb3 {½-½ Musial,I (2088)-Bury,M (1864) 20th Baltic Pearl Open A 2024 (1.5)}) ({RR} 9... Ne7 10. a4 Nf5 11. Na3 Be7 12. b5 Qb6 13. Qc3 c5 14. a5 Qc7 15. b6 axb6 16. axb6 Qc6 17. O-O cxd4 18. Qb3 Nd7 19. Rb1 O-O 20. Nb5 Qxb6 21. Nbxd4 Qxb3 22. Rxb3 Nxd4 23. Nxd4 Nc5 24. Rb5 {1-0 Sonnenschein,P (2224)-Rodriguez Santiago,J (2026) Titled Tue 18th Apr Late 2023 (10)}) ({RR} 9... Ne7 10. Nbd2 Nf5 11. c4 dxc4 12. Nxc4 Nd7 13. O-O Nb6 14. Na5 Nd5 15. Bd2 Be7 16. a4 O-O 17. Nc4 b6 18. Rfc1 Qb7 19. Ne3 Ndxe3 20. fxe3 Rac8 21. Be1 Rfd8 22. Bf2 Qa8 23. a5 Qb7 24. axb6 {1-0 Sengupta,D (2473)-Sharan,R (2248) 2nd Maharashtra GM Open 2023 (7.9)}) 10. Bd2 Qxb3 11. axb3 Na6 12. c3 Ne7 13. Na3 Nc7 14. Nc2 a6 15. O-O Ng6 16. Nce1 Be7 17. g3 Nf8 18. Nd3 Nd7 19. Rfc1 O-O-O 20. Bg5 Rde8 21. Bxe7 Rxe7 22. Nf4 Kb8 23. Kf1 Ree8 24. Re1 Nb6 25. Ng5 Re7 26. Re3 Nd7 27. Rae1 Kc8 28. Rf3 Rh6 29. Nd3 f6 30. Nh3 f5 31. Ng5 Nf8 32. Rfe3 Ng6 33. Ra1 Nh8 34. Kg2 Nf7 35. Nh3 Nd8 36. Nhf4 Re8 37. Nc5 Rg8 38. Rh1 Re8 39. Kf1 Re7 40. Ke1 Re8 41. Kd2 Re7 42. Ree1 Re8 43. Reg1 Rg8 44. f3 Rf8 45. Ncd3 Ne8 46. g4 fxg4 47. fxg4 hxg4 48. Rxg4 Rf7 49. h5 b6 50. Rhg1 Kd7 51. c4 Rh7 52. Ke3 Nc7 53. Nf2 Ne8 54. Rg6 Re7 55. Ra1 Nc7 56. N2d3 Nf7 57. b5 axb5 58. c5 bxc5 59. Nxc5+ Kc8 60. Nfxe6 Kb8 61. Nxc7 Kxc7 62. Ra7+ Kd8 63. Ne6+ Rxe6 64. Rxe6 Nh6 65. Rxc6 Nf5+ 66. Kd3 Rxh5 67. e6 Rh3+ 68. Kd2 Rh2+ 69. Kc1 Re2 70. Rd7+ 1-0

[Event "Olympiad Women 2024"]
[Site "Budapest HUN"]
[Date "2024.09.21"]
[Round "10.9"]
[Board "2"]
[White "Repkova, Eva"]
[Black "Milliet, Sophie"]
[Result "1-0"]
[WhiteElo "2319"]
[BlackElo "2348"]
[PlyCount "89"]
[EventDate "2024.09.11"]
[WhiteTeam "Slovakia"]
[BlackTeam "France"]
[WhiteTeamCountry "SVK"]
[BlackTeamCountry "FRA"]

1. d4 d5 2. Nf3 e6 3. Bf4 c5 4. e3 Nc6 5. Nbd2 Bd6 6. dxc5 Bxf4 ({RR} 6... Bxc5 7. a3 Bd6 8. Bxd6 Qxd6 9. c4 Nf6 10. cxd5 exd5 11. Rc1 O-O 12. Bb5 Bg4 13. h3 Bh5 14. O-O Rfd8 15. Bxc6 bxc6 16. Qc2 Rac8 17. Qc5 Bxf3 18. Nxf3 Qxc5 19. Rxc5 Ne4 20. Ra5 Rc7 21. b4 {1-0 Aronian,L (2759)-Ivanchuk,V (2678) Julius Baer GenCup Prelim rapid 2022 (15)}) 7. exf4 Qf6 8. g3 $146 ({RR} 8. Bb5 Qxf4 9. O-O Nf6 10. c4 O-O 11. cxd5 exd5 12. Bd3 Qb4 13. Qc1 Nd7 14. Qc2 h6 15. Rac1 Nde5 16. a3 Qf4 17. Rfe1 Bg4 18. Nxe5 Nxe5 19. Nf1 Rac8 20. b4 b6 21. Ne3 Rfd8 22. Bf5 Bxf5 {0-1 Melkumyan,H (2645)-Bluebaum,M (2663) Titled Tue 14th Feb Late 2023 (6)}) ({RR} 8. c3 Qxf4 9. Bd3 Nf6 10. O-O O-O 11. Re1 Qc7 12. Qe2 Re8 13. Ne5 Nxe5 14. Qxe5 Qxe5 15. Rxe5 Nd7 16. Rh5 g6 17. Rh4 Nxc5 18. Bc2 Bd7 19. Re1 Bc6 20. Nf3 Kg7 21. Ne5 Nd7 22. Nd3 a5 {0-1 Kokoszczynski,J (2272)-Bluebaum,M (2658) Titled Tue 30th Jan Late 2024 (3)}) ({RR} 8. c3 Qxf4 9. g3 Qc7 10. Bg2 Nge7 11. O-O O-O 12. b4 e5 13. Nb3 Bg4 14. Qd2 f6 15. Ne1 Rad8 16. Nc2 Be6 17. Rfe1 h5 18. Ncd4 Nxd4 19. Nxd4 Bd7 20. Nc2 Bg4 21. Na3 a6 22. Nc2 h4 {1-0 Lagarde,M (2642)-Bluebaum,M (2655) Titled Tue 16th Jan Late 2024 (7)}) 8... Qxb2 9. Rb1 Qc3 10. Bb5 Nge7 11. Ne5 O-O 12. Nd3 Nd4 13. Ba4 b6 14. cxb6 axb6 15. Bb3 Ba6 16. Kf1 Nxc2 17. Bxc2 Bxd3+ 18. Bxd3 Qxd3+ 19. Qe2 Qf5 20. Rb2 Qh3+ 21. Kg1 Rfc8 22. Qf1 Qh5 23. Kg2 Nf5 24. Qd1 Qg6 25. Nf3 Ra3 26. Ne5 Nh4+ 27. Kh3 Qf5+ 28. Qg4 Qe4 29. Qxh4 Qxh1 30. Qe7 Raa8 31. Qxf7+ Kh8 32. Qxe6 h6 33. Rxb6 Qf1+ 34. Kh4 Qxf2 35. Nf7+ Kh7 36. Qg6+ Kg8 37. Nxh6+ Kh8 38. Nf7+ Kg8 39. Nh6+ Kh8 40. h3 Rf8 41. Ng4 Qd4 42. Rb7 Ra7 43. Qh5+ Kg8 44. Nh6+ gxh6 45. Qg6+ 1-0

[Event "Olympiad Women 2024"]
[Site "Budapest HUN"]
[Date "2024.09.21"]
[Round "10.9"]
[Board "3"]
[White "Guichard, Pauline"]
[Black "Bochnickova, Simona"]
[Result "0-1"]
[WhiteElo "2374"]
[BlackElo "2138"]
[PlyCount "110"]
[EventDate "2024.09.11"]
[WhiteTeam "France"]
[BlackTeam "Slovakia"]
[WhiteTeamCountry "FRA"]
[BlackTeamCountry "SVK"]

1. d4 Nf6 2. c4 c5 3. d5 b5 4. cxb5 a6 5. bxa6 g6 6. Nc3 Bg7 7. e4 O-O 8. Bc4 Qa5 9. a7 Qxa7 10. Nf3 Ba6 11. Nd2 d6 12. O-O Nbd7 13. Qc2 ({RR} 13. a4 Nb6 14. Bxa6 Qxa6 15. Qc2 Qa5 16. Ra3 Nfd7 17. Ncb1 Qb4 18. b3 Rfb8 19. Ra2 c4 20. bxc4 Nc5 21. Bb2 Nbxa4 22. Bxg7 Kxg7 23. Nf3 Nb3 24. h4 Rc8 25. Nbd2 Nxd2 26. Nxd2 Qc3 27. Rc1 Qxc2 {½-½ Ramsdal,J (2376)-Hamitevici,V (2445) SonFlow Cup 2024 (2.1)}) 13... Rfb8 $146 ({RR} 13... Ne5 14. Bxa6 Qxa6 15. a4 Rfb8 16. Ra3 Nd3 17. Nb5 Nb4 18. Qb1 Qb7 19. Nc4 Ne8 20. b3 Nc7 21. Nxc7 Qxc7 22. Bb2 Qd7 23. Bxg7 Kxg7 24. h3 Na6 25. Re1 Nc7 26. Qd3 Rb4 27. f4 e6 28. dxe6 {½-½ Kreken,E (2192)-Mierins,E (2147) Kragero Resort Chess 2023 (6.28)}) 14. b3 Bxc4 15. bxc4 Qa5 16. Rb1 Rxb1 17. Ndxb1 Nb6 18. Nd2 Ng4 19. Bb2 Ne5 20. Nb5 Qxa2 21. Ra1 Qxa1+ 22. Bxa1 Rxa1+ 23. Nb1 Nbxc4 24. h3 Nd2 25. N5a3 Nxb1 26. Nxb1 c4 27. Kh2 Nd3 28. Qxc4 Be5+ 29. g3 Nxf2 30. Qc2 Bd4 31. Kg2 h5 32. Qc8+ Kg7 33. Qc4 Be5 34. Qc2 Bd4 35. Nc3 Kh7 36. Nb1 Ra5 37. Qc4 Bc5 38. Nc3 Ra3 39. e5 Kg7 40. e6 f5 41. Qh4 Ra7 42. Nb5 Rb7 43. Qa4 Nd3 44. g4 hxg4 45. hxg4 fxg4 46. Qa1+ Ne5 47. Nd4 Ra7 48. Qb2 Kh7 49. Nc6 Nc4 50. Qb1 Ne3+ 51. Kg3 Ra3 52. Qh1+ Kg7 53. Kf4 Ra4+ 54. Kg3 Nf5+ 55. Kg2 Ra2+ 0-1

[Event "Olympiad Women 2024"]
[Site "Budapest HUN"]
[Date "2024.09.21"]
[Round "10.9"]
[Board "4"]
[White "Walter, Ema"]
[Black "Benmesbah, Natacha"]
[Result "0-1"]
[WhiteElo "2055"]
[BlackElo "2258"]
[PlyCount "64"]
[EventDate "2024.09.11"]
[WhiteTeam "Slovakia"]
[BlackTeam "France"]
[WhiteTeamCountry "SVK"]
[BlackTeamCountry "FRA"]

1. e4 c6 2. d4 d5 3. exd5 cxd5 4. Bd3 Nf6 5. Nf3 Bg4 6. h3 Bh5 7. c3 Nc6 8. Bf4 e6 9. Nbd2 Bd6 10. Bxd6 Qxd6 11. O-O g5 ({RR} 11... O-O 12. Re1 Qc7 13. a4 a6 14. Re3 Rab8 15. Qf1 Bg6 16. Bxg6 hxg6 17. Qd3 Rfc8 18. Nb3 Nd7 19. Ng5 Qf4 20. Rg3 b5 21. Rg4 Qf5 22. Qg3 Nf6 23. Rf4 Qc2 24. Nc5 Nh5 25. Qh4 Nxf4 26. Qxf4 {1-0 Praggnanandhaa,R (2727)-Keymer,V (2717) Tata Steel IND Blitz Open 2023 (3.5)}) ({RR} 11... O-O 12. Qe1 Nd7 13. Qe3 a6 14. a4 f6 15. g4 Bf7 16. Nh4 e5 17. Nf5 Qe6 18. dxe5 fxe5 19. c4 d4 20. Qg5 Qf6 21. Ne4 Qxg5 22. Nxg5 Nc5 23. Nxf7 Kxf7 24. Be2 g6 25. Ng3 e4 26. f3 {0-1 Kaygorodov,I (1482)-Stupak,K (2416) 22nd Orsha Open A 2024 (1.3)}) 12. Qa4 Bxf3 $146 ({RR} 12... g4 13. hxg4 Nxg4 14. b4 Bg6 15. Bb5 Kf8 16. Rfe1 Rc8 17. Bf1 h5 18. b5 Ne7 19. c4 dxc4 20. Nxc4 Qd5 21. Qb4 Rc7 22. Nd6 h4 23. Ne5 Nf6 24. b6 axb6 25. Nb5 Rc8 26. Nxg6+ fxg6 27. Re5 {½-½ Colbow,C (2409)-Miller,E (2324) 94th ch-GER 2023 (6.6)}) 13. Nxf3 g4 14. hxg4 Nxg4 15. Rfe1 Kf8 16. c4 Ne7 17. Ne5 h5 18. c5 Qc7 19. f3 Nxe5 20. Rxe5 Nc6 21. Rae1 Nxe5 22. Rxe5 a6 23. f4 Re8 24. f5 h4 25. b4 h3 26. g3 Rg8 27. Kh2 Rxg3 28. Kxg3 f6 29. Qd1 fxe5 30. Kxh3 Qh7+ 31. Kg2 e4 32. Be2 exf5 0-1

[Event "Olympiad Women 2024"]
[Site "Budapest HUN"]
[Date "2024.09.21"]
[Round "10.10"]
[Board "1"]
[White "Khamdamova, Afruza"]
[Black "Yao, Lan"]
[Result "1/2-1/2"]
[WhiteElo "2313"]
[BlackElo "2353"]
[PlyCount "132"]
[EventDate "2024.09.11"]
[WhiteTeam "Uzbekistan"]
[BlackTeam "England"]
[WhiteTeamCountry "UZB"]
[BlackTeamCountry "ENG"]

1. e4 c5 2. Nf3 d6 3. d4 cxd4 4. Nxd4 Nf6 5. Nc3 a6 6. Be2 e5 7. Nb3 Be7 8. Be3 Be6 9. Nd5 Nbd7 10. Qd3 Bxd5 11. exd5 Rc8 12. c4 O-O 13. O-O Ne8 ({RR} 13... a5 14. Nd2 Nc5 15. Qc2 Nfd7 16. Bg4 g6 17. Bxd7 Nxd7 18. Qb3 f5 19. f3 Bg5 20. f4 exf4 21. Bxf4 Nc5 22. Qg3 Bxf4 23. Qxf4 Qf6 24. b3 g5 25. Qf2 Rce8 26. Rad1 g4 27. Nb1 f4 28. Qd4 {1-0 Anand,V (2794)-Shirov,A (2722) Leon Man+Comp rapid 2001 (2.3)}) 14. f3 $146 ({RR} 14. Rac1 Bg5 15. Rc2 Bxe3 16. fxe3 Qb6 17. Kh1 a5 18. a4 Nc5 19. Nxc5 Rxc5 20. Rf3 Qb4 21. b3 Nf6 22. e4 Rcc8 23. Rc3 Qb6 24. Rh3 Qd4 25. Bf3 Qxd3 26. Rxd3 Rc7 27. Rd2 Nd7 28. Rb2 Nc5 {0-1 Dyakov,V (1840)-Ngnegevo,F (1991) St Petersburg Blockade op 2012 (9)}) ({RR} 14. Qd2 b6 15. f4 a5 16. Rae1 f5 17. Kh1 Nef6 18. fxe5 Ne4 19. Qd1 dxe5 20. Bd3 Nd6 21. c5 bxc5 22. Bc1 c4 {0-1 Rohit,S (2311)-Salem,A (2652) Titled Tue 6th Aug Early 2024 (3)}) ({RR} 14. Rac1 g6 15. Qd2 Ng7 16. Na5 Qc7 17. Bd3 f5 18. f3 e4 19. fxe4 Ne5 20. b4 b6 21. Nc6 Nxc6 22. dxc6 Qxc6 23. b5 axb5 24. cxb5 Qb7 25. Rxc8 Rxc8 26. exf5 Nxf5 27. Bxf5 gxf5 28. Rxf5 Qe4 {1-0 Efimenko,Z (2636)-Nijboer,F (2519) Bundesliga 1718 2017 (8.5)}) 14... a5 15. a4 b6 16. Rae1 Bg5 17. f4 exf4 18. Bxf4 Nc5 19. Nxc5 bxc5 20. Bg3 g6 21. Bd1 Ng7 22. Bc2 Bh4 23. b3 f5 24. Bxh4 Qxh4 25. Qc3 Ra8 26. Re2 Qf6 27. Qd2 Ra7 28. Rfe1 Rff7 29. h3 Qd8 30. Bd1 Qh4 31. Qc3 Rf8 32. Bc2 Qg5 33. Kh2 h5 34. Re3 h4 35. Kg1 Kh7 36. R3e2 Rff7 37. Qe3 Qxe3+ 38. Rxe3 Kg8 39. Kf2 Kf8 40. g3 hxg3+ 41. Rxg3 Rf6 42. Reg1 Kf7 43. Kf3 Ra8 44. h4 Rh8 45. Rh1 Rh6 46. Rg5 Kg8 47. Bd1 Rf8 48. Kf2 Kf7 49. Rhg1 Kf6 50. Bf3 Rf7 51. Be2 Rb7 52. Bd1 Rb8 53. R1g2 Rbh8 54. Rg1 Ne8 55. h5 gxh5 56. Bc2 Kf7 57. Bxf5 Rf6 58. Ke3 h4 59. Be6+ Ke7 60. Rh1 Rh7 61. Rh3 Rfh6 62. Kf4 Kf6 63. Kg4 Ke7 64. Kf4 Kf6 65. Kg4 Ke7 66. Kf4 Kf6 1/2-1/2